|
|
|
|
| LEADER |
00000cas a2200000 a 4500 |
| 001 |
vtls010301958 |
| 003 |
SK-MaSNL |
| 005 |
20260228162608.0 |
| 008 |
110810d19511952xo wr|ne 0 b0slo |
| 040 |
|
|
|a SNK
|b slo
|c SNK
|e AACR2
|
| 041 |
0 |
|
|a slo
|
| 044 |
|
|
|a xo
|c SK
|
| 072 |
|
7 |
|a 32
|x Politika
|2 konspekt
|
| 072 |
|
7 |
|a 316.7
|x Sociológia kultúry. Kultúrny život
|2 konspekt
|
| 080 |
|
|
|a 32
|2 2011
|
| 080 |
|
|
|a 316.728
|2 2011
|
| 080 |
|
|
|a 050
|2 2001
|
| 080 |
|
|
|a 070.48
|2 2011
|
| 245 |
0 |
0 |
|a Pondelník
|
| 260 |
|
|
|a Žilina
|b Povereníctvo informácií a osvety v Bratislave
|c 1951-1952
|
| 300 |
|
|
|a 2 zv.
|c 47 cm
|
| 310 |
|
|
|a 1x týždenne
|
| 362 |
0 |
|
|a Roč. I, č. 1 (8. jan. 1951)-roč. II, č. 40 (20. okt. 1952)
|
| 500 |
|
|
|a Hlav, red.: od 11/1951 Ladislav Milko ; od 41/1951 Jozef Mlčoch
|
| 500 |
|
|
|a Tlač. Tlačiarenské závody Pravda, n. p., závod v Žiline
|
| 500 |
|
|
|a Bol mutáciou Pondelníka v Bratislave, doplnený miestnym spravodajstvom
|
| 515 |
|
|
|a V r. 1951 chybné označenie čísiel. Posledné č. v tomto roku označené ako č. 50 vyšlo 17. dec., ale vzhľadom k týždennej periodicite vyšlo len 48 č.. Nie je známe, či vyšlo aj číslo medzi 28. májom a 11. júnom 1951. Podľa oznamu v dokumente, daný titul nevyšiel 24. a 31. 12. 1951
|
| 650 |
0 |
7 |
|a politika
|2 SNKPH
|9 968
|
| 650 |
0 |
7 |
|a spoločenský život
|2 SNKPH
|9 28654
|
| 655 |
|
7 |
|a noviny
|2 SNKPH
|9 72987
|
| 700 |
1 |
|
|a Milko, Ladislav
|4 pbd
|9 271529
|
| 700 |
1 |
|
|a Mlčoch, Jozef
|4 pbd
|9 271530
|
| 910 |
|
|
|a snk
|
| 958 |
|
|
|a OND
|
| 999 |
|
|
|c 8103
|d 10033
|
| 952 |
|
|
|0 0
|1 0
|4 0
|7 0
|a SNK
|b SNK
|d 1998-02-16
|l 0
|o snkČSA 307/1/1951 D1
|p 17A0123782
|r 2005-01-02 00:00:00
|w 2026-02-21
|y PREZ
|
| 952 |
|
|
|0 0
|1 0
|4 0
|7 0
|a SNK
|b SNK
|d 1998-02-17
|l 0
|o snkČSA 307/1/1951
|p 17A0123977
|r 2005-01-02 00:00:00
|w 2026-02-21
|y PREZ
|
| 952 |
|
|
|0 0
|1 0
|4 0
|7 0
|a SNK
|b SNK
|d 2003-10-30
|l 0
|o snkČSA 307/2/1952
|p 17A0124919
|r 2005-01-02 00:00:00
|w 2026-02-21
|y PREZ
|
| 952 |
|
|
|0 0
|1 0
|4 0
|7 0
|a SNK
|b SNK
|d 2003-10-30
|l 0
|o snkČSA 307/2/1952 D1
|p 17A0123785
|r 2005-01-02 00:00:00
|w 2026-02-21
|y PREZ
|